[Event "Dvorkovich Memorial rapid op"]
[Site "Taganrog"]
[Date "2018.01.13"]
[Round "4"]
[White "Kornyukov, Alexey"]
[Black "Ashrafzianov, Igor"]
[Result "1/2-1/2"]
[WhiteElo "2452"]
[BlackElo "2004"]
[PlyCount "140"]
[EventDate "2018.01.13"]
[EventType "swiss (rapid)"]
[EventRounds "11"]
[EventCountry "RUS"]
[SourceTitle "CBM 182 Extra"]
[Source "ChessBase"]
[SourceDate "2018.02.23"]
[SourceVersion "1"]
[SourceVersionDate "2018.02.23"]
[SourceQuality "1"]

1. d4 Nf6 2. c4 c5 3. d5 b5 4. cxb5 a6 5. bxa6 g6 6. Nc3 Bg7 7. e4 0-0 8. Be2 Qa5 9. Bd2 Bxa6 10. Nf3 d6 11. 0-0 Qb4 12. Bxa6 Nxa6 13. Qe2 Qxb2 14. Rab1 Qa3 15. Rb3 Qa5 16. e5 dxe5 17. Nxe5 Rfe8 18. Rb7 Nb4 19. Nc6 Nxc6 20. dxc6 Qa6 21. Qxa6 Rxa6 22. c7 Rc6 23. Nb5 Nd5 24. Rd1 Be5 25. Ba5 e6 26. g3 Kg7 27. f4 Bf6 28. h4 Kf8 29. Kh2 h5 30. Kh3 c4 31. Na7 Ra6 32. Rb8 Nxc7 33. Bxc7 Rxa7 34. Bd6+ Be7 35. Bxe7+ Kxe7 36. Rb4 Rc8 37. Rc1 c3 38. Rc2 Kd6 39. Rd4+ Ke7 40. Rd3 Rc4 41. Kg2 Rca4 42. Rdxc3 Rxa2 43. Rxa2 Rxa2+ 44. Kf3 Ra4 45. Rb3 Kf6 46. Rc3 Rb4 47. Ra3 Rb5 48. Rc3 e5 49. fxe5+ Rxe5 50. Rb3 Rf5+ 51. Ke3 Re5+ 52. Kf4 Rf5+ 53. Ke3 Rc5 54. Kf3 Kf5 55. Ra3 Rb5 56. Rc3 f6 57. Ra3 g5 58. hxg5 fxg5 59. g4+ hxg4+ 60. Kg3 Rc5 61. Rb3 Rd5 62. Ra3 Re5 63. Rb3 Re4 64. Rb5+ Kg6 65. Rb8 Ra4 66. Rc8 Kf5 67. Rf8+ Ke5 68. Re8+ Kf5 69. Rf8+ Ke5 70. Re8+ Kf5 1/2-1/2

[Event "Moscow op-E"]
[Site "Moscow"]
[Date "2011.02.05"]
[Round "8.229"]
[White "Elistratov, Semen"]
[Black "Ashrafzianov, Igor"]
[Result "1-0"]
[WhiteElo "1911"]
[BlackElo "1858"]
[PlyCount "65"]
[EventDate "2011.01.29"]
[EventType "swiss"]
[EventRounds "9"]
[EventCountry "RUS"]
[SourceTitle "EXT 2022"]
[Source "ChessBase"]
[SourceDate "2021.10.06"]
[SourceVersion "1"]
[SourceVersionDate "2021.10.06"]
[SourceQuality "1"]

1. e4 c5 2. Nf3 d6 3. d4 cxd4 4. Nxd4 Nf6 5. Nc3 g6 6. Be3 Bg7 7. f3 Nc6 8. Qd2 h5 9. 0-0-0 Bd7 10. g3 a6 11. h3 b5 12. Be2 Na5 13. g4 Nc4 14. Bxc4 bxc4 15. Qe2 Qc7 16. g5 Nh7 17. Nd5 Qa5 18. Qxc4 Rc8 19. Qb3 e6 20. Nb6 Rb8 21. Ne2 d5 22. exd5 0-0 23. h4 Rb7 24. Nf4 Rfb8 25. dxe6 Be8 26. Rd5 Rxb6 27. Rxa5 Rxb3 28. axb3 fxe6 29. Rxa6 Nf8 30. Nxe6 Nxe6 31. Rxe6 Bf7 32. Ra6 Be5 33. Rd1 1-0

[Event "Moscow op-E"]
[Site "Moscow"]
[Date "2011.02.04"]
[Round "7.195"]
[White "Minko, Vladimir"]
[Black "Ashrafzianov, Igor"]
[Result "1-0"]
[WhiteElo "2019"]
[BlackElo "1858"]
[PlyCount "61"]
[EventDate "2011.01.29"]
[EventType "swiss"]
[EventRounds "9"]
[EventCountry "RUS"]
[SourceTitle "EXT 2022"]
[Source "ChessBase"]
[SourceDate "2021.10.06"]
[SourceVersion "1"]
[SourceVersionDate "2021.10.06"]
[SourceQuality "1"]

1. d4 d5 2. c4 e6 3. Nc3 Nf6 4. cxd5 exd5 5. Bg5 Be7 6. e3 c6 7. Bd3 0-0 8. Qc2 h6 9. Bh4 Re8 10. f3 Qa5 11. Bf2 Na6 12. Qd2 c5 13. Nge2 c4 14. Bc2 b5 15. Nf4 Bb7 16. 0-0 b4 17. Nce2 Rac8 18. Bf5 Rc7 19. a3 Qb6 20. Ng3 Bd6 21. Rfe1 Rce7 22. Bc2 Qc7 23. Nf5 Rd7 24. Bh4 c3 25. bxc3 bxc3 26. Qd3 Bxf4 27. exf4 Qxf4 28. Bxf6 Rxe1+ 29. Rxe1 Nc7 30. Ne7+ Rxe7 31. Qh7+ 1-0